Wwe elite series 1 through series 83 - Statistics

General Stats
  • This quiz has been taken 14 times
  • The average score is 194 of 496
Answer Stats
Hint Answer % Correct
46 | 50 | 54 | +15 others John Cena
100%
49 | 67 | 78 | +6 others Randy Orton
100%
45 | 51 | 56 | +7 others Roman Reigns
100%
45 | 52 | 57 | +6 others Seth Rollins
100%
Series 19 | Series 3 | Series 7 Shawn Michaels
100%
60 | 73 | Series 2 | +5 others Triple H
100%
71 | Series 10 | Series 13 | +3 others Big Show
86%
48 | 58 | 63 | +4 others Dean Ambrose
86%
83 | Series 1 | Series 13 | Series 8 Edge
86%
57 | 67 | 71 | 75 Jeff Hardy
86%
67 | 69 | 72 | +10 others Rey Mysterio
86%
Series 1 | Series 14 | Series 18 | Series 8 The Undertaker
86%
72 | Series 2 | Series 6 | +2 others Batista
71%
69 Bobby Lashley
71%
series 43 Bret Hart
71%
53 | Series 4 | series 20 Chris Jericho
71%
76 | Series 11 | Series 3 | series 20 Christian
71%
series 34 Hulk Hogan
71%
63 | Series 10 | Series 12 | +4 others Kane
71%
55 | 68 | series 23 | series 27 Undertaker
71%
47 | 51 | 56 | +4 others AJ Styles
57%
series 29 Andre The Giant
57%
49 | 72 Becky Lynch
57%
46 | Series 14 Booker T
57%
54 Charlotte Flair
57%
Series 1 | Series 11 | Series 16 | +3 others CM Punk
57%
Series 13 | Series 3 | series 20 | series 32 Cody Rhodes
57%
71 | 83 | Series 8 Drew Mcintyre
57%
62 | series 39 Sting
57%
81 | Series 14 | series 22 | series 31 The Rock
57%
80 Bayley
43%
44 | 53 | 61 | +3 others Big E
43%
55 | series 19 | series 30 | series 37 Brock Lesnar
43%
68 | 73 | 79 | +5 others Daniel Bryan
43%
Series 16 Diesel
43%
48 | 70 | Series 13 | +4 others Dolph Ziggler
43%
Series 6 | series 36 Goldust
43%
47 | 53 | 61 | +3 others Kevin Owens
43%
52 | 60 | 78 | +5 others Kofi Kingston
43%
58 | Series 2 | Series 6 Matt Hardy
43%
Series 1 | Series 9 MVP
43%
series 21 | series 24 | series 30 | series 41 Ryback
43%
53 | 59 | 69 | +5 others The Miz
43%
series 40 Umaga
43%
70 Vince McMahon
43%
series 33 X-Pac
43%
Series 12 | Series 14 | series 21 | series 43 Alberto Del Rio
29%
53 | 82 Alexa Bliss
29%
57 | 83 Baron Corbin
29%
47 | Series 14 Big Boss Man
29%
54 | 77 | series 28 | series 36 Bray Wyatt
29%
Series 18 | series 25 Brodus Clay
29%
45 Bubba Ray Dudley
29%
67 Cedric Alexander
29%
47 | 58 | series 33 Cesaro
29%
50 Baron Corbin
29%
45 D-Von Dudley
29%
series 35 Earthquake
29%
60 | 73 Elias
29%
Series 15 | Series 8 Evan Bourne
29%
Series 4 Finlay
29%
46 | 59 | 70 | +3 others Finn Balor
29%
53 | Series 16 Heath Slater
29%
Series 5 | series 26 Jack Swagger
29%
series 23 JBL
29%
54 | 64 | series 31 Jey Uso
29%
82 | Series 10 | Series 4 John Morrison
29%
70 Johnny Gargano
29%
48 | 75 | series 42 Kalisto
29%
series 41 Lita
29%
51 | Series 17 Mankind
29%
Series 15 | Series 5 | series 26 | series 32 Mark Henry
29%
74 Natalya
29%
75 Pete Dunne
29%
44 Randy Savage
29%
77 | series 40 Rick Rude
29%
series 27 Rikishi
29%
series 26 Road Dogg
29%
65 | 77 Ronda Rousey
29%
78 | Series 10 | Series 15 | Series 2 R-Truth
29%
51 | 63 | series 40 Sami Zayn
29%
44 | 83 Sasha Banks
29%
46 | 58 | Series 13 | +3 others Sheamus
29%
63 Shelton Benjamin
29%
44 | Series 15 | Series 18 | +2 others Sin Cara
29%
47 Tatanka
29%
75 The Hurricane
29%
69 Tommaso Ciampa
29%
44 Tugboat
29%
Series 7 | series 40 Tyson Kidd
29%
series 26 Ultimate Warrior
29%
Series 8 William Regal
29%
52 | 60 | 79 | series 42 Xavier Woods
29%
Series 15 Yokozuna
29%
71 Adam Cole
14%
series 21 AJ Lee
14%
62 Akam
14%
series 30 Animal
14%
47 Asuka
14%
81 Bianca Belair
14%
49 | 55 Big Cass
14%
series 27 Billy Gunn
14%
79 Bobby Fish
14%
series 36 Bo Dallas
14%
68 Brie Bella
14%
series 39 British Bulldog
14%
49 Brutus Beefcake
14%
48 Cactus Jack
14%
59 Chad Gable
14%
Series 5 Chavo Guerrero
14%
Series 7 David Hart Smith
14%
series 36 Diamond Dallas Page
14%
series 35 Diego
14%
series 34 Doink The Clown
14%
62 Dude Love
14%
63 | 83 Dusty Rhodes
14%
70 EC3
14%
49 | 55 Enzo Amore
14%
series 35 Fernando
14%
74 Goldberg
14%
73 Gran Metalik
14%
series 30 Hawk
14%
80 Ivar
14%
Series 18 Jerry Lawler
14%
series 42 Jerry Sags
14%
54 | 64 | series 31 Jimmy Uso
14%
series 43 Jim Neidhart
14%
Series 12 Justin Gabriel
14%
56 Karl Anderson
14%
82 Keith Lee
14%
59 | 66 Kurt Angle
14%
80 Kyle O'Reilly
14%
45 | series 30 Lex Luger
14%
74 Lince Dorado
14%
56 | Series 9 Luke Gallows
14%
78 Matt Riddle
14%
77 | series 19 Miss Elizabeth
14%
69 Mustafa Ali
14%
78 Naomi
14%
55 | series 42 Neville
14%
71 Nikki Bella
14%
76 Otis
14%
62 Rezar
14%
50 Rhyno
14%
54 Rich Swann
14%
69 | 80 Ricochet
14%
72 Roderick Strong
14%
Series 3 Santino Marella
14%
series 20 Santino Marrella
14%
51 Scott Hall
14%
Series 6 Shad
14%
57 | 63 | 81 Shinsuke Nakamura
14%
46 Stevie Ray
14%
Series 10 | Series 2 Ted Dibiase
14%
series 41 Terry Funk
14%
series 22 The Giant
14%
76 Tucker
14%
series 31 Vader
14%
77 Viscera
14%
Series 5 Vladimir Kozlov
14%
Series 11 | Series 18 | series 24 Wade Barrett
14%
series 41 1-2-3 Kid
0%
65 Aiden English
0%
73 Aleister Black
0%
74 Andrade
0%
81 Angelo Dawkins
0%
series 23 Antonio Cesaro
0%
49 Apollo Crews
0%
series 34 Bad News Barrett
0%
51 Berzerker
0%
48 Boogeyman
0%
series 38 Bradshaw
0%
44 | 52 | 58 | +3 others Braun Strowman
0%
series 42 Brian Knobbs
0%
series 25 Bruno Sammartino
0%
72 Buddy Murphy
0%
64 Curt Hawkins
0%
series 22 | series 29 Damian Sandow
0%
series 39 Damien Mizdow
0%
series 37 Dean Malenko
0%
series 28 Demolition Crush
0%
52 D Lo Brown
0%
78 Drake Maverick
0%
48 | 66 Erick Rowan
0%
series 29 Erick Rowen
0%
65 Eric Young
0%
80 Erik
0%
Series 16 Ezekiel Jackson
0%
61 | series 27 | series 38 Fandango
0%
series 38 Farooq
0%
60 Giant Machine
0%
Series 7 Hornswaggle
0%
79 Io Shirai
0%
series 40 Irwin R Schyster
0%
56 Jack Gallagher
0%
55 James Ellsworth
0%
59 Jason Jordon
0%
82 Jerry Lawlor
0%
Series 6 JT8
0%
series 33 Junkyard Dogg
0%
73 Kairi Sane
0%
Series 17 Kelly Kelly
0%
52 Ken Shamrock
0%
Series 16 Kevin Nash
0%
68 King Mabel
0%
76 Lacey Evans
0%
66 | series 29 | series 35 Luke Harper
0%
series 23 | series 38 Macho Man Randy Savage
0%
75 Mandy Rose
0%
58 Mickie James
0%
81 Montez Ford
0%
65 Nia Jax
0%
66 Nikki Cross
0%
series 34 Paige
0%
Series 12 Papa Shango
0%
82 Rob Gronkowski
0%
series 27 Rod Van Dam
0%
46 | 65 | series 34 Rusev
0%
56 | 64 | series 43 Samoa Joe
0%
57 Scotty 2 Hotty
0%
50 | 61 Shane McMahon
0%
67 Shayna Baszler
0%
series 29 | series 36 Stardust
0%
50 | series 37 Stephanie McMahon
0%
45 Steven Regal
0%
81 Stunning Steve Austin
0%
series 39 Sycho Kid
0%
series 22 Tensai
0%
series 39 The Godfather
0%
series 24 Trish Stratus
0%
57 Tye Dillinger
0%
61 Tyler Breeze
0%
67 | 72 Velveteen Dream
0%
50 Warlord
0%
Series 10 Yoshi Tatsu
0%
59 | Series 17 | Series 9 Zack Ryder
0%
No matching quizzes found
Score Distribution
Percent of People with Each Score
Percentile by Number Answered
Your Score History
You have not taken this quiz